[Event "Majeur-chT 0001"]
[Site "France"]
[Date "2000.??.??"]
[Round "2"]
[White "Ripert, Gregory"]
[Black "Deleau, Denis"]
[Result "1/2-1/2"]
[WhiteElo "1970"]
[BlackElo "2069"]
[PlyCount "83"]
[EventDate "2000.??.??"]
[EventType "team"]
[EventRounds "9"]
[EventCountry "FRA"]
[SourceTitle "EXT 2005"]
[Source "ChessBase"]
[SourceDate "2004.11.15"]
[SourceVersion "1"]
[SourceVersionDate "2004.11.15"]
[SourceQuality "1"]

1. e4 e5 2. Nf3 Nc6 3. Bb5 a6 4. Ba4 Nf6 5. 0-0 b5 6. Bb3 Bc5 7. d3 d6 8. Bg5 h6 9. Bxf6 Qxf6 10. Nc3 Ne7 11. Nd5 Nxd5 12. Bxd5 Rb8 13. c3 Bg4 14. b4 Bb6 15. h3 Bxf3 16. Bc6+ Kf8 17. Qxf3 Qxf3 18. gxf3 g5 19. a4 Kg7 20. Kg2 Rhf8 21. axb5 axb5 22. h4 f5 23. hxg5 hxg5 24. exf5 Rxf5 25. Be4 Rff8 26. Rh1 Rh8 27. Bc6 Rxh1 28. Rxh1 Rf8 29. Bxb5 Ra8 30. Bc4 Ra3 31. Rc1 c6 32. Rc2 d5 33. Ba2 d4 34. cxd4 Bxd4 35. Bc4 Ra4 36. b5 cxb5 37. Bxb5 Rb4 38. Rc7+ Kf6 39. Rc6+ Kg7 40. Rc7+ Kf6 41. Rc6+ Kg7 42. Rc7+ 1/2-1/2